000 00381nam a22001697a 4500
005 20260413145838.0
008 160629b xxu||||| |||| 00| 0 eng d
020 _a0-143955-6
041 _aeng
082 _a823.8
100 _aBronte Emily
_93131
245 _aWuthering Heights
260 _bPenguin
_c2003
300 _a353
650 _aENGLISH FICTION
_98925
942 _cBK
999 _c4582
_d4580